La alimentación infantil / (Registro nro. 11813)

Detalles MARC
000 -LIDER
fixed length control field 00789nam a22002537a 4500
001 - NÚMERO DE CONTROL
Identificador de número de control 0011731
003 - IDENTIFICACDOR DE NÚMERO DE CONTROL
control field DO-SdBNP
005 - DATE AND TIME OF LATEST TRANSACTION
control field 20180208110423.0
007 - CAMPOS FIJOS DE DESCRIPCIÓN FÍSICA
fixed length control field 0011731
008 - ELEMENTOS DE LONGITUD FIJA
fixed length control field 161107b 1999 sp||||| |||| 00| 0 spa d
020 ## - ISBN
International Standard Book Number 84013208
040 ## - FUENTE DE CATALOGACIÓN
Agencia que crea de manera original el registro BPMSU
Idioma de catalogación spa
Agencia que realiza la transcripción BPMSU
082 ## - NÚMERO DE CLASIFICACIÓN DECIMAL DE DEWEY
Classification number xxxxxxxx
Item number xxxxxxxx
100 1# - ASIENTO PRINCIPAL -- NOMBRE PERSONAL
Nombre personal Miralpeix, Assumpta
245 13 - MENCIÓN DE TITULO
Título La alimentación infantil /
Mención de responsabilidad Assumpta Miralpeix ; ilustración de portada Miguel Zueras
260 ## - PUBLICACIÓN, DISTRIBUCIÓN, ETC. (PIE DE IMPRENTA)
Lugar de publicación, distribución, etc Barcelona :
Nombre del editor, distribuidor, etc. Plaza & Janés,
Fecha de publicación, distribución, etc 1999.
300 ## - DESCRIPCIÓN FÍSICA
Extensión 184 p. :
Dimensiones 18 cm.
500 ## - NOTA GENERAL
Nota general Pautas y consejos para una nutrición equilibrada y completa.
500 ## - NOTA GENERAL
Nota general Incluye índice de recetas
700 1# - ASIENTO SECUNDARIO -- NOMBRE PERSONAL
Nombre personal Zueras, Miguel,
Mención de responsabilidad il.
942 ## - ADDED ENTRY ELEMENTS (KOHA)
Source of classification or shelving scheme Dewey Decimal Classification
Koha item type Libros
945 ## - INFORMACIÓN DE PROCESAMIENTO LOCAL
Información de procesamiento local inventariado, 2018 / dg
956 ## - LOCAL ELECTRONIC LOCATION AND ACCESS (OCLC)
Nombre de host BTAVÁREZ
Número de acceso 10
Información de compresión 20161107
Trayectoria 0011731
Existencias
Withdrawn status Lost status Source of classification or shelving scheme Damaged status Not for loan Collection code Home library Current library Date acquired Source of acquisition Total Checkouts Full call number Barcode Date last seen Price effective from Koha item type
    Dewey Decimal Classification     Colección Infantil General Biblioteca Pública Metropolitana Salomé Ureña Biblioteca Pública Metropolitana Salomé Ureña 11/07/2016 Fundi   xxxxxxxx xxxxxxxx BPMSU16110129 11/07/2016 11/07/2016 Libros